| 000 | 00787nam a2200217Ia 4500 | ||
|---|---|---|---|
| 005 | 20251118095002.0 | ||
| 008 | 210716s2017 xx 000 0 und d | ||
| 020 | _a9781787120235 | ||
| 040 | _cAIMIT LIBRARY | ||
| 041 | _aeng | ||
| 082 |
_a005.8 _21 _bVELV |
||
| 100 |
_aVelu, Vijay Kumar. _9246082 |
||
| 245 |
_aMastering kali linux for advanced penetration testing : _bsecure your network with kali linux the ultimate hackers arsenal / _cBy Vijay Kumar Velu. |
||
| 250 | _a2nd ed. | ||
| 260 |
_aMumbai : _bPackt Publishing Ltd : _c2017. |
||
| 300 |
_aviii,492p. ; _bPB _c24 cm |
||
| 650 |
_aGoal- based penetration testing _9246083 |
||
| 650 |
_aPhysical security and social engineering _9246084 |
||
| 650 |
_aAttacking remote access _9246085 |
||
| 942 |
_2ddc _cBK _e2nd _k005.8 VELV |
||
| 999 |
_c196232 _d196232 |
||